Нелинейные колебания в системах автоматического регулирования и управления

Manylion Llyfryddiaeth
Prif Awdur: Беля К. К. Константин Константинович
Crynodeb:В книге изложены некоторые точные методы определения периодических движений в нелинейных системах автоматического регулирования и управления высших порядков с кусочно-линейными характеристиками. Рассматриваются методы исследования устойчивости периодических движений и приемы устранения или компенсации автоколебаний и других отрицательных явлении, порождаемых нелинейными характеристиками. Приводятся также некоторые численные методы построения переходных процессов в линейных и кусочно-линейных системах автоматического регулирования, которые позволяют широко применять вычислительную технику при исследовании нелинейных динамических систем. Книга рассчитана па научных работников и инженеров конструкторских бюро и производственных предприятий, связанных с вопросами автоматического регулирования и управления динамическими и производственными объектами. Книга также может быть полезной для аспирантов и студентов, специализирующихся по нелинейным системам автоматики.
Iaith:Rwseg
Cyhoeddwyd: Москва, Машгиз, 1962
Pynciau:
Fformat: Llyfr
KOHA link:https://koha.lib.tpu.ru/cgi-bin/koha/opac-detail.pl?biblionumber=332650

MARC

LEADER 00000nam0a2200000 4500
001 332650
005 20231102004457.0
035 |a (RuTPU)RU\TPU\book\358603 
090 |a 332650 
100 |a 20170526d1962 km y0rusy50 ca 
101 0 |a rus 
102 |a RU 
105 |a a z 001zy 
200 1 |a Нелинейные колебания в системах автоматического регулирования и управления  |f К. К. Беля 
210 |a Москва  |c Машгиз  |d 1962 
215 |a 263 с.  |c ил. 
320 |a Библиогр.: с. 257-260 
330 |a В книге изложены некоторые точные методы определения периодических движений в нелинейных системах автоматического регулирования и управления высших порядков с кусочно-линейными характеристиками. Рассматриваются методы исследования устойчивости периодических движений и приемы устранения или компенсации автоколебаний и других отрицательных явлении, порождаемых нелинейными характеристиками. Приводятся также некоторые численные методы построения переходных процессов в линейных и кусочно-линейных системах автоматического регулирования, которые позволяют широко применять вычислительную технику при исследовании нелинейных динамических систем. Книга рассчитана па научных работников и инженеров конструкторских бюро и производственных предприятий, связанных с вопросами автоматического регулирования и управления динамическими и производственными объектами. Книга также может быть полезной для аспирантов и студентов, специализирующихся по нелинейным системам автоматики. 
606 1 |a Автоматические системы регулирования  |x Анализ  |2 stltpush  |3 (RuTPU)RU\TPU\subj\771  |9 29577 
610 1 |a нелинейные колебания 
610 1 |a системы автоматического управления 
610 1 |a аналитические методы 
610 1 |a определение 
610 1 |a исследование 
610 1 |a периодические решения 
610 1 |a кусочно-линейные характеристики 
610 1 |a периодические движения 
610 1 |a нелинейности 
610 1 |a устойчивость 
610 1 |a автоколебания 
610 1 |a численные методы 
610 1 |a переходные процессы 
610 1 |a интегрирование 
610 1 |a дифференциальные уравнения 
610 1 |a постоянные коэффициенты 
675 |a 681.51.012  |v 4 
700 1 |a Беля  |b К. К.  |g Константин Константинович 
801 1 |a RU  |b 63413507  |c 20170526 
801 2 |a RU  |b 63413507  |c 20220511  |g RCR 
942 |c BK